000 00526nam a2200169Ia 4500
008 110201s9999 xx 000 0 und d
082 _bB10839
_aN 184
100 _aअत्रे प्र.के.
245 _aघराबाहेर
260 _bपरचुरे प्रकाशन मंदिर
365 _b50
600 _aअत्रे प्र.के.
630 _aघराबाहेर
700 _aअत्रे प्र.के.
730 _aघराबाहेर
942 _cBOOK
999 _c836236
_d836233